Statistieken voor Vlaggen met het Meeste Oranje

Klik hier om de quiz te nemen!

Algemene statistieken

  • Deze quiz is 1.542 keer genomen
  • De gemiddelde score is 8 van 10

Antwoordstatistieken

Antwoord% Correct
Cyprus
98%
Ierland
98%
India
97%
Ivoorkust
88%
Bhutan
87%
Sri Lanka
83%
Armenië
79%
Niger
70%
Zambia
67%
Marshalleilanden
60%

Scoreverdeling

Percentiel versus Aantal Correcte Antwoorden

Procent van Mensen met Elke Score

Uw Scoregeschiedenis

U heeft deze quiz nog niet genomen